[Event "FRA-ch U18"]
[Site "Saint Paul Trois Chateaux"]
[Date "2013.05.03"]
[Round "6"]
[White "Rouffignac, Tanguy"]
[Black "Malassagne, Raphael"]
[Result "0-1"]
[WhiteElo "2046"]
[BlackElo "2138"]
[PlyCount "38"]
[EventDate "2013.04.28"]
[EventType "swiss"]
[EventRounds "9"]
[EventCountry "FRA"]
[SourceTitle "CBM 154 Extra"]
[Source "ChessBase"]
[SourceDate "2013.06.25"]
[SourceVersion "2"]
[SourceVersionDate "2013.06.25"]
[SourceQuality "1"]

1. e4 c6 2. d4 d5 3. Nc3 dxe4 4. Nxe4 Nf6 5. Nxf6+ gxf6 6. Nf3 Bg4 7. Be2 e6 8. c3 Bd6 9. Nh4 f5 10. Bxg4 Qxh4 11. Bf3 Nd7 12. Qb3 0-0-0 13. g3 Qf6 14. 0-0 h5 15. c4 h4 16. d5 hxg3 17. dxc6 Nc5 18. Qa3 Qh4 19. cxb7+ Kb8 0-1

[Event "Lille Luce op 3rd"]
[Site "Lille"]
[Date "2012.04.26"]
[Round "5"]
[White "Pap, Misa"]
[Black "Rouffignac, Tanguy"]
[Result "1-0"]
[WhiteElo "2501"]
[BlackElo "2018"]
[PlyCount "59"]
[EventDate "2012.04.23"]
[EventType "swiss"]
[EventRounds "8"]
[EventCountry "FRA"]
[SourceTitle "CBM 148 Extra"]
[Source "ChessBase"]
[SourceDate "2012.06.22"]
[SourceVersion "1"]
[SourceVersionDate "2012.06.22"]
[SourceQuality "1"]

1. e4 e5 2. Nf3 Nc6 3. Bb5 a6 4. Ba4 Nf6 5. d3 d6 6. c3 g6 7. 0-0 Bg7 8. Re1 0-0 9. Bg5 h6 10. Bh4 Re8 11. Nbd2 b5 12. Bb3 Na5 13. Bc2 c5 14. a3 Bb7 15. b4 Nc6 16. Bb3 a5 17. bxc5 dxc5 18. Bxf6 Qxf6 19. Bd5 Nd8 20. Bxb7 Nxb7 21. Nf1 Qc6 22. Ne3 Nd8 23. a4 b4 24. Qb3 Ne6 25. Nd5 c4 26. Qxc4 Qxc4 27. dxc4 bxc3 28. Nxc3 Nd4 29. Rac1 Nxf3+ 30. gxf3 1-0

[Event "FRA-chT U20 1112"]
[Site "France"]
[Date "2011.12.18"]
[Round "6.2"]
[White "Le Pen, Steven"]
[Black "Rouffignac, Tanguy"]
[Result "0-1"]
[WhiteElo "1867"]
[BlackElo "1977"]
[PlyCount "116"]
[EventDate "2011.12.03"]
[EventType "team-swiss"]
[EventRounds "7"]
[EventCountry "FRA"]
[SourceTitle "EXT 2013"]
[Source "ChessBase"]
[SourceDate "2012.11.22"]
[SourceVersion "1"]
[SourceVersionDate "2012.11.22"]
[SourceQuality "1"]

1. e4 Nf6 2. e5 Nd5 3. d4 d6 4. c4 Nb6 5. f4 dxe5 6. fxe5 g6 7. Be3 Bg7 8. Nc3 0-0 9. Nf3 Bg4 10. Qd2 c5 11. h3 Bxf3 12. gxf3 cxd4 13. Qxd4 Nc6 14. Qxd8 Rfxd8 15. f4 Nd4 16. 0-0-0 Ne6 17. Nd5 Kf8 18. Be2 Nxc4 19. Bxc4 Rdc8 20. b3 b5 21. Kd2 bxc4 22. b4 Nc7 23. Nxc7 Rxc7 24. Bc5 g5 25. Ke3 gxf4+ 26. Kxf4 c3 27. Rd3 c2 28. Ke4 Bh6 29. Rc3 c1Q 30. Rhxc1 Bxc1 31. Rxc1 Rd8 32. Rc3 Rd2 33. a4 Ra2 34. a5 Rd7 35. Bd4 e6 36. Bc5+ Kg7 37. Rg3+ Kh6 38. Bd6 Rf2 39. h4 f5+ 40. Kd3 Kh5 41. Kc4 Kxh4 42. Rg8 f4 43. b5 f3 44. Rf8 Kg3 45. Rg8+ Kf4 46. Rf8+ Ke4 47. b6 axb6 48. axb6 Rb2 49. Kc5 Rc2+ 50. Kb5 f2 51. Bc5 Rd5 52. b7 Rcxc5+ 53. Ka6 Ra5+ 54. Kb6 Rab5+ 55. Ka7 Rd7 56. Ka8 Ra5+ 57. Kb8 Ke3 58. Kc8 Rxb7 0-1

[Event "Le Touquet op 26th"]
[Site "Le Touquet"]
[Date "2011.10.26"]
[Round "7"]
[White "Feryn, Benjamin"]
[Black "Rouffignac, Tanguy"]
[Result "1-0"]
[WhiteElo "2036"]
[BlackElo "1955"]
[PlyCount "57"]
[EventDate "2011.10.22"]
[EventType "swiss"]
[EventRounds "9"]
[EventCountry "FRA"]
[SourceTitle "EXT 2012"]
[Source "ChessBase"]
[SourceDate "2011.11.24"]
[SourceVersion "1"]
[SourceVersionDate "2011.11.24"]
[SourceQuality "1"]

1. e4 e5 2. Nf3 Nc6 3. Bc4 Bc5 4. c3 Nf6 5. d3 a6 6. 0-0 d6 7. Be3 Ba7 8. Nbd2 0-0 9. b4 Ne7 10. a4 Ng6 11. Qb3 c6 12. d4 d5 13. Bd3 dxe4 14. Nxe4 Nxe4 15. Bxe4 Be6 16. Qb1 f5 17. Ng5 Bc4 18. Bxf5 Bxf1 19. Bxg6 hxg6 20. Qxg6 Rf6 21. Qh7+ Kf8 22. Qh8+ Ke7 23. Qxg7+ Ke8 24. dxe5 Bxe3 25. exf6 Bxf2+ 26. Kxf2 Qd2+ 27. Kxf1 Qd3+ 28. Kg1 Qe3+ 29. Kh1 1-0

[Event "La Fere op 10th"]
[Site "La Fere"]
[Date "2011.07.03"]
[Round "2.19"]
[White "Wolfangel, Claude"]
[Black "Rouffignac, Tanguy"]
[Result "0-1"]
[WhiteElo "1751"]
[BlackElo "1964"]
[PlyCount "96"]
[EventDate "2011.07.02"]
[EventType "swiss"]
[EventRounds "9"]
[EventCountry "FRA"]
[SourceTitle "EXT 2012"]
[Source "ChessBase"]
[SourceDate "2011.11.24"]
[SourceVersion "1"]
[SourceVersionDate "2011.11.24"]
[SourceQuality "1"]

1. d4 Nf6 2. Nf3 g6 3. c4 Bg7 4. Nc3 0-0 5. e4 d6 6. Be2 e5 7. dxe5 dxe5 8. Qxd8 Rxd8 9. Bg5 Nbd7 10. 0-0-0 Rf8 11. h3 c6 12. Rd6 h6 13. Bh4 Re8 14. Rhd1 g5 15. Bg3 Bf8 16. R6d2 Bb4 17. Nh2 Bxc3 18. bxc3 Nxe4 19. Rxd7 Bxd7 20. Rxd7 Nc5 21. Rd6 f5 22. f3 e4 23. Rxh6 exf3 24. Bxf3 f4 25. Rg6+ Kh8 26. Rxg5 fxg3 27. Rxg3 Rad8 28. Rg5 Re1+ 29. Kc2 Nd3 30. Ng4 Ra1 31. Rh5+ Kg7 32. Rg5+ Kf7 33. Nh6+ Kf6 34. Ra5 a6 35. Ng4+ Kg7 36. Rg5+ Kf7 37. Nh6+ Kf6 38. Ra5 Rg1 39. Be4 Ne1+ 40. Kb3 Nxg2 41. Ng4+ Ke7 42. Rg5 Nf4 43. Rg7+ Kd6 44. Rxb7 Nxh3 45. Nh6 Re8 46. Nf7+ Kc5 47. Bc2 Rg2 48. Ra7 Ree2 0-1